000 01145nam a2200265 i 4500
001 53518
003 ES-MaACL
005 20230906162800.0
007 t|
008 931025s1884 sp f ||||1| spa d
080 _a520.256(02)"10"
100 1 _aIbn al-Samh, Asbag b. Muhammad.
_965000
245 1 0 _aDescripción y usos del astrolabio /
_cpor Aben Exxath ; manuscrito marroquí traducido del árabe al español y acompañado de notas aclaratorias y un discurso preliminar por Antonio Almagro Cárdenas.
260 _aGranada :
_b[ Unión Hispano-Mauritánica],
_c1884 (
_fImprenta de La Lealtad)
300 _a51, [9] p. ;
_c20 cm.
490 1 _aBiblioteca Hispano-Mauritánica ;
_v1
500 _aLas [9] p. son de texto árabe.
650 4 _aAstrolabios-
_vObras anteriores a 1800.
_9145958
700 1 _aAlmagro y Cárdenas, Antonio.
_920082
830 0 _aBiblioteca Hispano-Mauritánica ;
_v1
_9230251
852 _aES-MaACL
_jT-367-F-16
856 _uhttp://bibliotecadigitalhispanica.bne.es:80/webclient/DeliveryManager?pid=2689096&custom_att_2=simple_viewer
_zIr a la página
999 _c53518
_d53518